| 000 | 01246nam a2200337 a 4500 | ||
|---|---|---|---|
| 999 |
_c1652 _d1652 |
||
| 005 | 20200104041523.0 | ||
| 008 | 140120b1996 ck ||||| |||| 00| 0 spa d | ||
| 040 |
_aCO-BoIAVH _cCO-BoIAVH |
||
| 041 | _aspa | ||
| 044 | _ack | ||
| 100 | _aOsorio de la Cruz, Hector | ||
| 110 | _aInstituto de Investigación de Recursos Biológicos Alexander von Humboldt | ||
| 111 |
_aSeminario Investigación manejo de fauna para la construcción de sistemas sostenibles _cCali _d96 |
||
| 245 |
_aSeminario Investigación manejo de fauna para la construcción de sistemas sostenibles _bseminario (Cali, 1996) |
||
| 260 |
_aCali _bCIPAV _c1996 |
||
| 300 | _a239 páginas | ||
| 650 | 1 | 4 | _aDesarrollo sostenible |
| 650 | 1 | 4 | _aSistemas de producción agrarios |
| 650 | 1 | 4 | _aManejo de fauna |
| 650 | 1 | 4 | _aFauna silvestre |
| 650 | 1 | 4 | _aEcosistemas tropicales |
| 650 | 1 | 4 | _aManejo de ecosistemas |
| 650 | 1 | 4 | _aBiodiversidad |
| 650 | 1 | 4 | _aUso de biodiversidad |
| 650 | 1 | 4 | _aHistoria natural |
| 650 | 1 | 4 | _aInteracción ecológica |
| 650 | 1 | 4 | _aManejo sostenible |
| 650 | 1 | 4 | _aEspecies amenazadas |
| 650 | 1 | 4 | _aEducación ambiental |
| 942 |
_cLIBRO _2ddc |
||